Tournées féminines les plus rentables - Statistiques

Statistiques générales
  • Ce quiz a été pris 45 fois
  • Le résultat moyen est 7 sur 10
Statistiques - réponses
Recettes Nom de la tournée ou de la résidence Nbre de concerts Année(s) Artistes % Correct
1) 2,078 Milliards $ The Eras Tour 149 2023-2024 Taylor Swift
100%
7) 345,7 Millions $ Reputation Stadium Tour 53 2018 Taylor Swift
100%
3) 579,8 Millions $ Renaissance World Tour 56 2023 Beyonce
89%
4) 407,7 Millions $ Sticky and Sweet Tour 85 2008-2009 Madonna
70%
10) 305,2 Millions $ MDNA Tour 88 2012 Madonna
70%
2) 584,7 Millions $ Summer Carnival 94 2023-2024 Pink
68%
5) 397,3 Millions $ Beautiful Trauma World Tour 156 2018-2019 Pink
68%
6) 385,8 Millions $ A New Day... 717 2003-2007 Céline Dion
48%
8) 331,8 Millions $ Born Pink World Tour 66 2022-2023 Blackpink
39%
9) 313,3 Millions $ Mañana Será Bonito Tour 65 2023-2024 Karol G
30%
Aucun quiz correspondant
Distribution des résultats
% des personnes avec chaque résultat
Percentile par nombre de réponses
Votre historique - résultats
Vous n’avez pas pris ce quiz